000
00290nam a22001337a 4500
008
181105b xxu||||| |||| 00| 0 eng d
020
_a
9780299155940
041
_a
eng
080
_a
316
100
_a
50
101
_a
SOC
245
_a
Welfare in America
_c
Epstein, W.M
942
_2
udc
_c
BK
999
_c
51909
_d
51909